[Event "Donbass Cup"]
[Site "Donetsk"]
[Date "2009.04.13"]
[Round "9"]
[White "Kuchkin, Maksjm"]
[Black "Iljin, Timofey"]
[Result "1-0"]
[WhiteElo "2125"]
[BlackElo "2416"]
[PlyCount "77"]
[EventDate "2009.04.07"]
[EventType "tourn"]
[EventRounds "11"]
[EventCountry "UKR"]
[EventCategory "2"]
[SourceTitle "CBM 129 Extra"]
[Source "ChessBase"]
[SourceDate "2009.05.05"]
[SourceVersion "2"]
[SourceVersionDate "2009.05.20"]
[SourceQuality "1"]

1. e4 c6 2. d4 d5 3. Nc3 dxe4 4. Nxe4 Nf6 5. Nxf6+ gxf6 6. Ne2 h5 7. h4 Bg4 8. Qd3 e5 9. Be3 Na6 10. c3 Qa5 11. f3 Be6 12. dxe5 Rd8 13. Qc2 fxe5 14. Nc1 Bc5 15. Bxc5 Qxc5 16. Bxa6 bxa6 17. Nb3 Qe3+ 18. Qe2 Qf4 19. Qf2 Rg8 20. Nd2 Bf5 21. 0-0-0 Rg6 22. Rhe1 Rd5 23. b3 Kf8 24. Re2 Kg7 25. Rg1 Rgd6 26. g3 Qh6 27. g4 Bd3 28. Re3 Qf4 29. Kb2 Kf8 30. gxh5 Bf5 31. Nc4 Rh6 32. Qg2 Rxh5 33. Qg7+ Ke7 34. Nxe5 Qh2+ 35. Rg2 Rd2+ 36. Ka3 Rxg2 37. Qxf7+ Kd6 38. Nc4+ Kc5 39. Qxa7+ 1-0

[Event "Donbass Cup"]
[Site "Donetsk"]
[Date "2009.04.11"]
[Round "5"]
[White "Kuchkin, Maksjm"]
[Black "Rakhmangulov, Andrei"]
[Result "1/2-1/2"]
[WhiteElo "2125"]
[BlackElo "2330"]
[PlyCount "58"]
[EventDate "2009.04.07"]
[EventType "tourn"]
[EventRounds "11"]
[EventCountry "UKR"]
[EventCategory "2"]
[SourceTitle "CBM 129 Extra"]
[Source "ChessBase"]
[SourceDate "2009.05.05"]
[SourceVersion "2"]
[SourceVersionDate "2009.05.20"]
[SourceQuality "1"]

1. e4 d6 2. d4 Nf6 3. Nc3 c6 4. Nge2 e5 5. g3 Be7 6. Bg2 b5 7. 0-0 0-0 8. h3 b4 9. Na4 Nbd7 10. b3 a5 11. Nb2 Ba6 12. Re1 c5 13. dxe5 dxe5 14. c4 Qc7 15. g4 Rfd8 16. Ng3 Nf8 17. Qe2 Ne6 18. Nf5 Bf8 19. Nd3 Bb7 20. Bb2 Nd7 21. Ne3 Bd6 22. Nd5 Bxd5 23. cxd5 Nef8 24. Bc1 a4 25. Be3 axb3 26. axb3 Ra3 27. Rab1 Qb8 28. Rec1 Rc8 29. Qc2 Ng6 1/2-1/2

[Event "Donbass Cup"]
[Site "Donetsk"]
[Date "2009.04.11"]
[Round "6"]
[White "Podgursky, Sten"]
[Black "Kuchkin, Maksjm"]
[Result "1/2-1/2"]
[WhiteElo "2248"]
[BlackElo "2125"]
[PlyCount "140"]
[EventDate "2009.04.07"]
[EventType "tourn"]
[EventRounds "11"]
[EventCountry "UKR"]
[EventCategory "2"]
[SourceTitle "CBM 129 Extra"]
[Source "ChessBase"]
[SourceDate "2009.05.05"]
[SourceVersion "2"]
[SourceVersionDate "2009.05.20"]
[SourceQuality "1"]

1. e4 e5 2. Nf3 d6 3. d4 exd4 4. Nxd4 Nf6 5. Nc3 Be7 6. Be2 0-0 7. 0-0 a6 8. a4 c5 9. Nb3 Nc6 10. Be3 Nb4 11. Bf3 Qc7 12. Nc1 Be6 13. Nd3 Rac8 14. Nf4 Nc6 15. Re1 Ne5 16. Be2 Rcd8 17. Nfd5 Nxd5 18. Nxd5 Bxd5 19. Qxd5 Nd7 20. Red1 Rfe8 21. Bh5 Rf8 22. Bf3 Qb6 23. Ra2 Ne5 24. Be2 Rfe8 25. c3 Bf8 26. b4 Qc7 27. Rad2 Nd7 28. f3 Nf6 29. Qf5 cxb4 30. cxb4 d5 31. b5 Bb4 32. Rd3 Bd6 33. g3 dxe4 34. fxe4 Nxe4 35. b6 Qe7 36. Bf3 Nc5 37. Bxc5 Bxc5+ 38. Kg2 g6 39. Qf4 Bxb6 40. Rxd8 Rxd8 41. Rxd8+ Bxd8 42. Qb8 b6 43. Qa8 a5 44. Qc8 Kg7 45. Qc3+ Qf6 46. Qxf6+ Kxf6 47. Bc6 h5 48. Kf3 Kg5 49. h4+ Kf6 50. Be8 Bc7 51. Kf2 Ke7 52. Bb5 f6 53. Kf3 Bd6 54. g4 hxg4+ 55. Kxg4 Kf7 56. h5 g5 57. Kf5 Kg7 58. Bd7 Be5 59. Bc6 Kh6 60. Be8 b5 61. Bxb5 Kxh5 62. Be2+ Kh4 63. Bd1 Kg3 64. Be2 Kf2 65. Bh5 Ke3 66. Bg4 Kd4 67. Bh5 Kc3 68. Be8 Kd4 69. Bh5 Kd5 70. Bf3+ Kd4 1/2-1/2

[Event "Donbass Cup"]
[Site "Donetsk"]
[Date "2009.04.07"]
[Round "1"]
[White "Volovikov, Anton"]
[Black "Kuchkin, Maksjm"]
[Result "1-0"]
[WhiteElo "2233"]
[BlackElo "2125"]
[PlyCount "75"]
[EventDate "2009.04.07"]
[EventType "tourn"]
[EventRounds "11"]
[EventCountry "UKR"]
[EventCategory "2"]
[SourceTitle "CBM 129 Extra"]
[Source "ChessBase"]
[SourceDate "2009.05.05"]
[SourceVersion "2"]
[SourceVersionDate "2009.05.20"]
[SourceQuality "1"]

1. e4 e6 2. d4 d5 3. e5 c5 4. c3 Nc6 5. Nf3 Bd7 6. a3 f6 7. Bd3 fxe5 8. Nxe5 Nxe5 9. dxe5 g6 10. h4 Qc7 11. Qe2 0-0-0 12. h5 Bg7 13. hxg6 hxg6 14. Rxh8 Bxh8 15. Bg5 Rf8 16. f4 Be8 17. Nd2 Bg7 18. Qg4 Qb6 19. 0-0-0 Nh6 20. Bxh6 Bxh6 21. g3 Rg8 22. Qh4 Rh8 23. Qf6 Rf8 24. Qe7 Qc6 25. Qh7 Bxf4 26. gxf4 Rxf4 27. Bxg6 Bxg6 28. Qxg6 Rf5 29. Nc4 Kc7 30. Nd6 Rxe5 31. Nc4 Re4 32. Qg3+ e5 33. Nxe5 Qd6 34. Qg7+ Kb6 35. Nd7+ Ka5 36. Nxc5 Re7 37. Qd4 b5 38. b4+ 1-0

[Event "Varna op U16"]
[Site "Varna"]
[Date "2008.06.30"]
[Round "2"]
[White "Kuchkin, Maksjm"]
[Black "Baciu, Diana"]
[Result "1-0"]
[WhiteElo "2157"]
[BlackElo "2028"]
[PlyCount "75"]
[EventDate "2008.06.29"]
[EventType "swiss"]
[EventRounds "7"]
[EventCountry "BUL"]
[SourceTitle "CBM 125 Extra"]
[Source "ChessBase"]
[SourceDate "2008.09.01"]
[SourceVersion "1"]
[SourceVersionDate "2008.09.01"]
[SourceQuality "1"]

1. e4 c5 2. Nf3 e6 3. Nc3 Nc6 4. Bb5 Nd4 5. Nxd4 cxd4 6. Ne2 Qg5 7. Nxd4 Qc5 8. c3 e5 9. Qb3 exd4 10. Bc4 Qe7 11. d3 g6 12. 0-0 Bg7 13. f4 Nf6 14. cxd4 0-0 15. e5 Ng4 16. Bd2 a5 17. Qb6 Qd8 18. Qd6 Nh6 19. b4 Nf5 20. Qd5 d6 21. g4 Ne7 22. Qg2 Qb6 23. Rae1 d5 24. bxa5 Qb2 25. Bb3 Qxd4+ 26. Be3 Qxd3 27. Bc5 Re8 28. f5 Nxf5 29. gxf5 Bxf5 30. Re3 Qb5 31. Bd4 Qxa5 32. Rxf5 gxf5 33. e6 f6 34. Bxf6 Re7 35. Bxe7 Qb6 36. Bg5 Kh8 37. Kh1 Bd4 38. Qxd5 1-0

[Event "Moscow op-B 04th"]
[Site "Moscow"]
[Date "2008.02.03"]
[Round "2"]
[White "Dvornicen, Ivan"]
[Black "Kuchkin, Maksjm"]
[Result "0-1"]
[WhiteElo "1826"]
[BlackElo "2086"]
[PlyCount "42"]
[EventDate "2008.02.02"]
[EventType "swiss"]
[EventRounds "9"]
[EventCountry "RUS"]
[SourceTitle "CBM 122 Extra"]
[Source "ChessBase"]
[SourceDate "2008.03.04"]
[SourceVersion "1"]
[SourceVersionDate "2008.03.04"]
[SourceQuality "1"]

1. c4 e6 2. d4 d5 3. Nf3 c6 4. Nc3 dxc4 5. a4 Bb4 6. e3 b5 7. Be2 Nf6 8. 0-0 0-0 9. Qc2 a6 10. b3 Bxc3 11. Qxc3 Nd5 12. Qc2 cxb3 13. Qxb3 Bb7 14. Ba3 Re8 15. Rfc1 Nd7 16. Bc5 Qf6 17. Bd6 N7b6 18. a5 Qd8 19. Ba3 Nc4 20. Bb4 Rc8 21. Ra2 e5 0-1

[Event "Donetsk Kots Memorial"]
[Site "Donetsk"]
[Date "2008.01.30"]
[Round "13"]
[White "Kuchkin, Maksjm"]
[Black "Polivanov, Anatoliy"]
[Result "1-0"]
[WhiteElo "2086"]
[BlackElo "2391"]
[PlyCount "53"]
[EventDate "2008.01.18"]
[EventType "tourn"]
[EventRounds "13"]
[EventCountry "UKR"]
[EventCategory "1"]
[SourceTitle "CBM 122 Extra"]
[Source "ChessBase"]
[SourceDate "2008.03.04"]
[SourceVersion "1"]
[SourceVersionDate "2008.03.04"]
[SourceQuality "1"]

1. e4 e6 2. d4 d5 3. Nc3 Bb4 4. e5 c5 5. Bd2 Ne7 6. Nb5 Bxd2+ 7. Qxd2 0-0 8. c3 f6 9. f4 fxe5 10. fxe5 Nf5 11. Nf3 a6 12. Na3 cxd4 13. cxd4 Nh4 14. 0-0-0 Nxf3 15. gxf3 Rxf3 16. Bd3 Qh4 17. Qc3 Qf4+ 18. Kb1 Nc6 19. Nc2 Bd7 20. Ne1 Rh3 21. Ng2 Qf3 22. Qd2 Rf8 23. Rhf1 Qg4 24. Rxf8+ Kxf8 25. Nf4 Rxh2 26. Rf1 Qg1 27. Qxh2 1-0

[Event "Donetsk Kots Memorial"]
[Site "Donetsk"]
[Date "2008.01.25"]
[Round "8"]
[White "Kuchkin, Maksjm"]
[Black "Demkovich, Anatoliy"]
[Result "1-0"]
[WhiteElo "2086"]
[BlackElo "2381"]
[PlyCount "81"]
[EventDate "2008.01.18"]
[EventType "tourn"]
[EventRounds "13"]
[EventCountry "UKR"]
[EventCategory "1"]
[SourceTitle "CBM 122 Extra"]
[Source "ChessBase"]
[SourceDate "2008.03.04"]
[SourceVersion "1"]
[SourceVersionDate "2008.03.04"]
[SourceQuality "1"]

1. e4 c5 2. Nf3 Nc6 3. d4 cxd4 4. Nxd4 g6 5. Be2 Bg7 6. Nb3 Nf6 7. Nc3 0-0 8. 0-0 d6 9. Re1 a5 10. a4 Be6 11. Bf1 Rc8 12. Nd5 Ne5 13. c3 Bd7 14. Be3 Nxd5 15. exd5 Nc4 16. Bxc4 Rxc4 17. Nd2 Rc8 18. Qb3 e6 19. Ne4 exd5 20. Nxd6 Rb8 21. Qxd5 Bc6 22. Qc5 Qd7 23. Bf4 Rfd8 24. Qg5 h6 25. Qg3 Ra8 26. Nc4 Qf5 27. Ne3 Qc5 28. Ng4 h5 29. Nh6+ Kf8 30. Be3 Qe5 31. f4 Qd6 32. Qf2 Bxc3 33. Bc5 Bxe1 34. Rxe1 Kg7 35. Bxd6 Rxd6 36. f5 Re8 37. fxg6 Rf6 38. Qd2 Rxe1+ 39. Qxe1 Kxh6 40. gxf7 Rxf7 41. Qxa5 1-0

[Event "Donetsk Kots Memorial"]
[Site "Donetsk"]
[Date "2008.01.24"]
[Round "7"]
[White "Sysoenko, Aleksey"]
[Black "Kuchkin, Maksjm"]
[Result "1-0"]
[WhiteElo "2256"]
[BlackElo "2086"]
[PlyCount "99"]
[EventDate "2008.01.18"]
[EventType "tourn"]
[EventRounds "13"]
[EventCountry "UKR"]
[EventCategory "1"]
[SourceTitle "CBM 122 Extra"]
[Source "ChessBase"]
[SourceDate "2008.03.04"]
[SourceVersion "1"]
[SourceVersionDate "2008.03.04"]
[SourceQuality "1"]

1. e4 e6 2. Nf3 d5 3. Nc3 Nf6 4. exd5 exd5 5. d4 Bd6 6. Bg5 c6 7. Qe2+ Be6 8. Ne5 0-0 9. 0-0-0 Nbd7 10. h3 Qc7 11. Bxf6 Nxf6 12. g4 Rfe8 13. Bg2 b5 14. f4 a5 15. g5 Nd7 16. Qf2 Bxe5 17. dxe5 Bf5 18. Ne2 Nb6 19. Ng3 Bd7 20. h4 b4 21. h5 a4 22. g6 fxg6 23. hxg6 h6 24. Qc5 b3 25. cxb3 axb3 26. axb3 Bg4 27. Bxd5+ Nxd5 28. Rxd5 Ra1+ 29. Kd2 Rxh1 30. Nxh1 Bf3 31. Rd6 Bxh1 32. Qc4+ Kf8 33. b4 Qa7 34. Qc5 Qxc5 35. bxc5 Ke7 36. f5 Kf8 37. f6 Be4 38. f7 Rc8 39. Ke3 Bd5 40. b4 Ke7 41. b5 Bxf7 42. gxf7 cxb5 43. e6 b4 44. Kd4 b3 45. Rb6 b2 46. Kd5 Rd8+ 47. Ke5 Rc8 48. Rb7+ Kf8 49. c6 h5 50. Rxb2 1-0

[Event "Donetsk Kots Memorial"]
[Site "Donetsk"]
[Date "2008.01.20"]
[Round "3"]
[White "Kamenets, Anatolij"]
[Black "Kuchkin, Maksjm"]
[Result "0-1"]
[WhiteElo "2293"]
[BlackElo "2086"]
[PlyCount "146"]
[EventDate "2008.01.18"]
[EventType "tourn"]
[EventRounds "13"]
[EventCountry "UKR"]
[EventCategory "1"]
[SourceTitle "CBM 122 Extra"]
[Source "ChessBase"]
[SourceDate "2008.03.04"]
[SourceVersion "1"]
[SourceVersionDate "2008.03.04"]
[SourceQuality "1"]

1. d4 d5 2. Bg5 Nf6 3. e3 c6 4. Bd3 Nbd7 5. Nf3 e6 6. 0-0 Be7 7. c4 0-0 8. Nc3 Re8 9. Qc2 h6 10. Bf4 dxc4 11. Bxc4 Nb6 12. Bb3 Nh5 13. Be5 Bd6 14. Ne4 Be7 15. Rfd1 Nd5 16. h3 Nhf6 17. Ng3 a5 18. a3 Bd7 19. e4 Nb6 20. Bf4 Rc8 21. Be3 Qc7 22. Rac1 Red8 23. Ba2 Be8 24. Ne2 Nbd7 25. Nc3 Qb8 26. Bb1 Nf8 27. Na4 b6 28. Qb3 c5 29. dxc5 Rxd1+ 30. Rxd1 Bxa4 31. Qxa4 Bxc5 32. Bd2 Ng6 33. b4 axb4 34. axb4 b5 35. Qa1 Bb6 36. Kf1 Rd8 37. Bc2 Qc7 38. Qb2 Qc4+ 39. Ke1 Nxe4 40. Be3 Rxd1+ 41. Kxd1 Qf1+ 42. Ne1 Nxf2+ 43. Bxf2 Bxf2 44. Qc3 Bxe1 45. Qxe1 Qxe1+ 46. Kxe1 Nf4 47. Kd2 Nd5 48. Bd3 Nxb4 49. Bxb5 Nd5 50. Ke1 f5 51. h4 Kf7 52. Kf2 Kf6 53. g3 e5 54. Bc4 Nc3 55. Ba6 Ne4+ 56. Kf3 Nd6 57. Ke3 g5 58. hxg5+ hxg5 59. Be2 Ne4 60. Kf3 Nc3 61. Bc4 e4+ 62. Kf2 Ke5 63. Ke3 Nd5+ 64. Kf2 Kd4 65. Bb3 Nc3 66. Be6 f4 67. gxf4 gxf4 68. Bf5 f3 69. Bg4 Nd1+ 70. Ke1 f2+ 71. Ke2 f1Q+ 72. Kxf1 Ne3+ 73. Ke2 Nxg4 0-1

[Event "Donetsk Kots Memorial"]
[Site "Donetsk"]
[Date "2008.01.18"]
[Round "1"]
[White "Iljin, Timofey"]
[Black "Kuchkin, Maksjm"]
[Result "0-1"]
[WhiteElo "2442"]
[BlackElo "2086"]
[PlyCount "96"]
[EventDate "2008.01.18"]
[EventType "tourn"]
[EventRounds "13"]
[EventCountry "UKR"]
[EventCategory "1"]
[SourceTitle "CBM 122 Extra"]
[Source "ChessBase"]
[SourceDate "2008.03.04"]
[SourceVersion "1"]
[SourceVersionDate "2008.03.04"]
[SourceQuality "1"]

1. Nf3 d5 2. c4 e6 3. g3 c6 4. b3 Nf6 5. Bg2 Be7 6. 0-0 0-0 7. Bb2 Nbd7 8. Qc2 Re8 9. d3 Bd6 10. Nbd2 e5 11. cxd5 cxd5 12. e4 d4 13. Rac1 Nb6 14. Nc4 Nxc4 15. dxc4 b6 16. Nxd4 exd4 17. e5 Rxe5 18. Bxd4 Rb8 19. Bxe5 Bxe5 20. c5 Be6 21. Rfd1 Qe7 22. Qe2 Bg4 23. f3 Bf5 24. Kh1 bxc5 25. Re1 Re8 26. Qb5 Bd7 27. Qb7 Qd6 28. Qxa7 Bd4 29. Rxe8+ Bxe8 30. Qa8 Qe6 31. Qa5 g6 32. Re1 Qc8 33. Qd2 Kg7 34. b4 Bd7 35. bxc5 Qxc5 36. Rc1 Qa7 37. Rd1 Bc5 38. Qb2 Be6 39. Rd2 Qa5 40. h4 Ba3 41. Qd4 Bc1 42. Re2 Qb5 43. Re5 Qb8 44. Re1 Ba3 45. Kh2 Bd6 46. f4 Be7 47. Bh3 Qc8 48. Bxe6 fxe6 0-1

[Event "Moscow Petrosian Memorial U18"]
[Site "Moscow"]
[Date "2008.01.??"]
[Round "9"]
[White "Sysoykina, Lidia"]
[Black "Kuchkin, Maksjm"]
[Result "1-0"]
[WhiteElo "1737"]
[BlackElo "2086"]
[PlyCount "77"]
[EventDate "2008.01.??"]
[EventType "swiss"]
[EventRounds "9"]
[EventCountry "RUS"]
[SourceTitle "CBM 122 Extra"]
[Source "ChessBase"]
[SourceDate "2008.03.04"]
[SourceVersion "1"]
[SourceVersionDate "2008.03.04"]
[SourceQuality "1"]

1. e4 e6 2. d3 d5 3. Nd2 Nf6 4. Ngf3 Bc5 5. Be2 dxe4 6. dxe4 Bxf2+ 7. Kxf2 Ng4+ 8. Kg1 Ne3 9. Qe1 Nxc2 10. Qg3 Nxa1 11. Qxg7 Rf8 12. Nc4 Nc6 13. Bh6 Qe7 14. Qxf8+ Qxf8 15. Bxf8 Kxf8 16. Ne3 Nb4 17. Kf2 Nac2 18. Nxc2 Nxc2 19. Rc1 Nb4 20. Rxc7 Nc6 21. Ng5 Ne5 22. Nxh7+ Kg7 23. Ng5 Kf6 24. Nf3 Ng6 25. e5+ Kg7 26. g3 b6 27. Bb5 a5 28. Be8 Nh8 29. Ng5 Ba6 30. Bc6 Rb8 31. Nxe6+ Kg8 32. Nf4 Rd8 33. Ke3 Rd1 34. Ra7 Bc4 35. b3 Be6 36. Ra8+ Kh7 37. Be4+ Ng6 38. Bxg6+ fxg6 39. Nxe6 1-0

[Event "UKR-ch sf U16"]
[Site "Kherson"]
[Date "2007.11.23"]
[Round "8"]
[White "Skliarov, Viktor"]
[Black "Kuchkin, Maksjm"]
[Result "1-0"]
[WhiteElo "2195"]
[BlackElo "2172"]
[PlyCount "91"]
[EventDate "2007.11.16"]
[EventType "swiss"]
[EventRounds "9"]
[EventCountry "UKR"]
[SourceTitle "EXT 2023"]
[Source "ChessBase"]
[SourceDate "2022.10.05"]
[SourceVersion "1"]
[SourceVersionDate "2022.10.05"]
[SourceQuality "1"]

1. c4 e6 2. e4 d5 3. exd5 exd5 4. d4 Nf6 5. Nf3 Bd6 6. Nc3 c6 7. cxd5 cxd5 8. Bg5 0-0 9. Be2 Be7 10. 0-0 b6 11. Ne5 Bb7 12. Re1 h6 13. Bf4 Nbd7 14. Ba6 Nxe5 15. Bxb7 Ng6 16. Bg3 Rb8 17. Bxb8 Qxb8 18. Bxd5 Bd6 19. g3 h5 20. Bg2 h4 21. Ne4 Nxe4 22. Rxe4 Qc8 23. Rc1 Qd7 24. Qb3 Qf5 25. Rce1 Kh7 26. Qf3 Qa5 27. Re8 Bc7 28. Qd5 Qb4 29. Qh5+ Kg8 30. Rxf8+ Nxf8 31. Rd1 hxg3 32. hxg3 Qxb2 33. Bd5 g6 34. Qf3 Ne6 35. Bxe6 fxe6 36. Qa8+ Kg7 37. Qxa7 Qc3 38. Qa6 Qf3 39. Qd3 Qg4 40. Rc1 Bd8 41. Kg2 Bf6 42. Rc7+ Kh6 43. Qe3+ Bg5 44. Qf3 Qxd4 45. Qf8+ Kh5 46. Rh7+ 1-0

[Event "UKR-ch sf U16"]
[Site "Kherson"]
[Date "2007.11.22"]
[Round "7"]
[White "Kuchkin, Maksjm"]
[Black "Olshevskiy, Maxim"]
[Result "1-0"]
[WhiteElo "2172"]
[BlackElo "2017"]
[PlyCount "103"]
[EventDate "2007.11.16"]
[EventType "swiss"]
[EventRounds "9"]
[EventCountry "UKR"]
[SourceTitle "EXT 2023"]
[Source "ChessBase"]
[SourceDate "2022.10.05"]
[SourceVersion "1"]
[SourceVersionDate "2022.10.05"]
[SourceQuality "1"]

1. e4 c5 2. Nf3 d6 3. d4 cxd4 4. Nxd4 Nf6 5. Nc3 Nc6 6. g3 g6 7. Bg2 Bg7 8. Nb3 0-0 9. 0-0 Be6 10. Re1 Qd7 11. Nd5 Rac8 12. c3 Ne5 13. Bg5 Bxd5 14. exd5 Rfe8 15. Qc2 Qg4 16. Bxf6 Bxf6 17. Qe2 Qd7 18. Nd2 b5 19. a4 a6 20. axb5 axb5 21. Ra5 Nc4 22. Nxc4 bxc4 23. Rea1 Qb7 24. Ra7 Qb5 25. Bh3 Qxd5 26. Bxc8 Rxc8 27. R1a5 Rc5 28. Ra4 Kg7 29. Ra1 Qc6 30. R7a5 Qb6 31. Rxc5 Qxc5 32. Ra4 d5 33. h4 h5 34. Qf1 Qb6 35. Rb4 Qe6 36. Qd1 Qe4 37. Ra4 Qf5 38. Ra1 Qe4 39. Qd2 e6 40. Re1 Qg4 41. Qe2 Qxe2 42. Rxe2 Kf8 43. Kf1 Ke7 44. Ke1 Kd6 45. Kd2 e5 46. Re1 d4 47. Ra1 Bg7 48. Ra7 Bh6+ 49. Kd1 Kd5 50. Rxf7 Ke4 51. Kc2 d3+ 52. Kd1 1-0

[Event "UKR-ch sf U16"]
[Site "Kherson"]
[Date "2007.11.20"]
[Round "5"]
[White "Kuchkin, Maksjm"]
[Black "Kharchenko, Denis"]
[Result "0-1"]
[WhiteElo "2172"]
[BlackElo "2232"]
[PlyCount "94"]
[EventDate "2007.11.16"]
[EventType "swiss"]
[EventRounds "9"]
[EventCountry "UKR"]
[SourceTitle "EXT 2023"]
[Source "ChessBase"]
[SourceDate "2022.10.05"]
[SourceVersion "1"]
[SourceVersionDate "2022.10.05"]
[SourceQuality "1"]

1. e4 c5 2. Nf3 d6 3. d4 cxd4 4. Nxd4 Nf6 5. Nc3 a6 6. g3 e5 7. Nde2 Be7 8. Bg2 h5 9. Bg5 Be6 10. 0-0 Nc6 11. Qd2 Qa5 12. Nd5 Bxd5 13. exd5 Qxd2 14. Bxd2 Nb8 15. c4 Nbd7 16. h3 0-0 17. Be3 Bd8 18. b4 Bb6 19. Bd2 Rac8 20. Rfc1 Rfe8 21. Rab1 e4 22. Bf4 Ne5 23. Bxe5 Rxe5 24. Rb3 Rf5 25. Re3 Bxe3 26. fxe3 b5 27. g4 hxg4 28. hxg4 Rg5 29. c5 dxc5 30. bxc5 Nxd5 31. Kf2 Ne7 32. Bxe4 Rgxc5 33. Rd1 g6 34. Nd4 R5c7 35. Nb3 Nc6 36. Kf3 Ne5+ 37. Kf4 Nc4 38. Rd5 Re7 39. Nc5 Nb6 40. Nxa6 Nxd5+ 41. Bxd5 Ra7 42. Nb4 Ra4 43. a3 Rxa3 44. Nc6 Kg7 45. Ne5 Rc7 46. Ke4 Re7 47. Kd4 Ra4+ 0-1

[Event "Istanbul op"]
[Site "Istanbul"]
[Date "2007.08.29"]
[Round "1"]
[White "Gurevich, Mikhail"]
[Black "Kuchkin, Maksjm"]
[Result "1-0"]
[WhiteElo "2633"]
[BlackElo "2080"]
[PlyCount "53"]
[EventDate "2007.08.29"]
[EventType "swiss"]
[EventRounds "9"]
[EventCountry "TUR"]
[SourceTitle "CBM 120 Extra"]
[Source "ChessBase"]
[SourceDate "2007.11.01"]
[SourceVersion "1"]
[SourceVersionDate "2007.11.01"]
[SourceQuality "1"]

1. c4 e5 2. g3 Nf6 3. Bg2 d5 4. cxd5 Nxd5 5. Nf3 Nc6 6. 0-0 Be7 7. d4 e4 8. Ne5 f5 9. Nxc6 bxc6 10. Qa4 Qd6 11. Nc3 0-0 12. Nxd5 cxd5 13. Bf4 Qb6 14. Rac1 c5 15. dxc5 Bxc5 16. b4 Bd4 17. e3 Bf6 18. Rfd1 Bb7 19. Bc7 Qe6 20. Qb5 Ba6 21. Qxd5 Qxd5 22. Rxd5 Bb2 23. Rcc5 Rac8 24. Bf1 Bb7 25. Rd7 Rf6 26. Bc4+ Kh8 27. Be5 1-0

[Event "UKR-ch U18"]
[Site "Donetsk"]
[Date "2007.02.25"]
[Round "10"]
[White "Polyakov, Maxim"]
[Black "Kuchkin, Maksjm"]
[Result "1-0"]
[WhiteElo "2281"]
[BlackElo "1988"]
[PlyCount "65"]
[EventDate "2007.02.15"]
[EventType "tourn"]
[EventRounds "11"]
[EventCountry "UKR"]
[SourceTitle "CBM 117 Extra"]
[Source "ChessBase"]
[SourceDate "2007.05.09"]
[SourceVersion "1"]
[SourceVersionDate "2007.05.09"]
[SourceQuality "1"]

1. Nf3 d5 2. d4 c6 3. c4 e6 4. Qc2 Nf6 5. e3 Bd6 6. Nc3 Nbd7 7. g4 h6 8. Rg1 e5 9. cxd5 Nxd5 10. Bd2 Nb4 11. Qb3 exd4 12. Ne4 Nc5 13. Nxc5 Bxc5 14. Bxb4 Be6 15. Bc4 Bxb4+ 16. Qxb4 a5 17. Qc5 Bxc4 18. Qxc4 dxe3 19. Qe4+ Kf8 20. fxe3 Qd6 21. Qd4 Qe7 22. 0-0-0 Kg8 23. g5 g6 24. h4 Re8 25. Rd3 c5 26. Qf4 c4 27. Qxc4 Kh7 28. Kb1 Rc8 29. Qf4 h5 30. Qf6 Qc7 31. Rc3 Qd7 32. Ne5 Qe6 33. Qxe6 1-0

[Event "UKR-ch U18"]
[Site "Donetsk"]
[Date "2007.02.17"]
[Round "2"]
[White "Kuchkin, Maksjm"]
[Black "Romashko, Andrei"]
[Result "1-0"]
[WhiteElo "1988"]
[BlackElo "2177"]
[PlyCount "69"]
[EventDate "2007.02.15"]
[EventType "tourn"]
[EventRounds "11"]
[EventCountry "UKR"]
[SourceTitle "CBM 117 Extra"]
[Source "ChessBase"]
[SourceDate "2007.05.09"]
[SourceVersion "1"]
[SourceVersionDate "2007.05.09"]
[SourceQuality "1"]

1. e4 e5 2. Nf3 d6 3. Bc4 Be7 4. 0-0 Nf6 5. d3 0-0 6. c3 c6 7. Bb3 Nbd7 8. Re1 Qc7 9. d4 b5 10. Nbd2 Bb7 11. Nf1 c5 12. d5 c4 13. Bc2 a5 14. Ng3 Nc5 15. h3 Bc8 16. Nh2 Re8 17. Ng4 Bxg4 18. hxg4 h6 19. Nf5 Nh7 20. Qe2 Na6 21. g3 Bf6 22. Kg2 Rec8 23. Be3 Rab8 24. Rh1 Qd8 25. Bxh6 gxh6 26. Nxh6+ Kf8 27. g5 Bxg5 28. Nxf7 Kxf7 29. Rxh7+ Kg8 30. Qh5 Qf6 31. Rh1 Kf8 32. Qg4 Qg6 33. Rh8+ Kg7 34. Qd7+ Kf6 35. R8h7 1-0

[Event "UKR-ch U18"]
[Site "Donetsk"]
[Date "2007.02.16"]
[Round "1"]
[White "Yurkov, Alexey"]
[Black "Kuchkin, Maksjm"]
[Result "1-0"]
[WhiteElo "2122"]
[BlackElo "1988"]
[PlyCount "81"]
[EventDate "2007.02.15"]
[EventType "tourn"]
[EventRounds "11"]
[EventCountry "UKR"]
[SourceTitle "CBM 117 Extra"]
[Source "ChessBase"]
[SourceDate "2007.05.09"]
[SourceVersion "1"]
[SourceVersionDate "2007.05.09"]
[SourceQuality "1"]

1. e4 e6 2. d4 d5 3. Nc3 Bb4 4. exd5 exd5 5. Bd3 Nf6 6. h3 0-0 7. Nge2 c5 8. dxc5 Nc6 9. 0-0 h6 10. Na4 Ne5 11. Bf4 Re8 12. a3 Ba5 13. Bxe5 Rxe5 14. b4 Bc7 15. Ng3 Bd7 16. Nc3 Qe7 17. Nce2 b6 18. cxb6 Bxb6 19. Nf4 Rd8 20. Re1 Ne4 21. Bxe4 dxe4 22. Nd5 Bxf2+ 23. Kxf2 Qh4 24. Qd2 Kh8 25. Re3 Bb5 26. Kg1 Rexd5 27. Qf2 Rd1+ 28. Rxd1 Rxd1+ 29. Kh2 Rf1 30. Qd2 Rf4 31. Qd5 Ba4 32. c4 f5 33. Nxf5 Qf2 34. Ne7 Rf7 35. Qd8+ Rf8 36. Qxf8+ Qxf8 37. Ng6+ Kg8 38. Nxf8 Kxf8 39. Rxe4 Bc6 40. Re5 Kf7 41. Ra5 1-0

[Event "Moscow Petrosian Memorial U18"]
[Site "Moscow"]
[Date "2007.01.??"]
[Round "4"]
[White "Kuchkin, Maksjm"]
[Black "Gingold, Anton"]
[Result "1/2-1/2"]
[WhiteElo "1988"]
[BlackElo "2079"]
[PlyCount "125"]
[EventDate "2007.01.??"]
[EventType "swiss"]
[EventRounds "9"]
[EventCountry "RUS"]
[SourceTitle "EXT 2008"]
[Source "ChessBase"]
[SourceDate "2007.11.25"]
[SourceVersion "1"]
[SourceVersionDate "2007.11.25"]
[SourceQuality "1"]

1. b4 e5 2. Bb2 d6 3. g3 g6 4. Bg2 Bg7 5. d3 f5 6. Nf3 Nf6 7. c4 0-0 8. 0-0 c6 9. Nbd2 h6 10. c5 e4 11. dxe4 fxe4 12. Nh4 g5 13. Ng6 Re8 14. cxd6 Qxd6 15. Nc4 Qxd1 16. Raxd1 Nbd7 17. Nd6 Re6 18. Nf5 Nb6 19. Nge7+ Kf7 20. Nxc8 Nxc8 21. Nxg7 Kxg7 22. Bh3 Re7 23. f4 g4 24. Bxg4 Nb6 25. Bxf6+ Kxf6 26. Rd6+ Kg7 27. f5 Re5 28. Bh5 Rf8 29. f6+ Kh8 30. Bg6 Nd5 31. Rd7 Nxf6 32. Rxb7 a5 33. a3 axb4 34. axb4 Re6 35. Bf7 Rd6 36. Bb3 Ra8 37. Rf7 Nd5 38. Bxd5 cxd5 39. R1f6 Rad8 40. Rxd6 Rxd6 41. Re7 Rb6 42. Rd7 Rb5 43. Kf2 Kg8 44. Ke3 Kf8 45. h4 h5 46. Rh7 Kg8 47. Rxh5 d4+ 48. Kxe4 Rxh5 49. Kxd4 Kf7 50. e4 Ke6 51. Kc4 Kd6 52. Kd4 Rh8 53. e5+ Kc6 54. Ke4 Kd7 55. Kf5 Rf8+ 56. Kg6 Rg8+ 57. Kf7 Rxg3 58. h5 Rf3+ 59. Kg7 Ke6 60. h6 Rg3+ 61. Kf8 Rh3 62. Kg7 Kxe5 63. h7 1/2-1/2